| 000 | 01162 a2200217 4500 | ||
|---|---|---|---|
| 005 | 20080910142039.0 | ||
| 008 | 080910t xxu||||| |||| 00| 0 hin d | ||
| 010 | _aHIN-79475 | ||
| 020 |
_a8170563488 _c250.00 |
||
| 035 | _aHN-51821 | ||
| 037 | _bD.B.Act / pub | ||
| 082 | _a821.08 | ||
| 100 | _aगर्ग, अनुराधा | ||
| 245 |
_aआधुनिक हिन्दी कविता के वैचारिक एवं शिल्पगत आयाम _cअनुराधा गर्ग |
||
| 246 | _aAadhunik Hindi Kavita ke Vaicharik avam Shilpgat Aayam | ||
| 260 |
_aजयपुर _bपंचशील प्रकाशन _c2006 |
||
| 270 |
_aफिल्म कालोनी,चौड़ा रास्ता _bजयपुर _e302003 _k0141-2315072 _l5113854 _mpanchsheel_j@sify.com |
||
| 300 |
_a200पृ _c22 सेमी (सजिल्द) |
||
| 942 |
_adpl _cHN _k821.08 / गर्गअ _2ddc _h821.08 _mगर्गअ |
||
| 999 |
_c2812 _d2812 |
||